000 01271cad a22002415a 4500
001 L151124
008 101004s2010 xxk f 000 0 eng d
035 _a(Sirsi) u151124
041 0 _aeng
050 0 4 _a692.5 $2 18
110 2 _aFederation of Master Builders
_9465
245 0 4 _aThe Construction Alliance
_h[electronic resource]
260 _aLondon
_bCA
_c2010
520 _aThe Construction Alliance (CA) is the grouping of major construction trade organisations working together within the remit of the Strategic Forum for Construction; the Alliance represents over 13,500 individual companies and organisations involved in the construction industry; Alliance membership comes from across the UK and represents constructors throughout the supply chain; website includes publications, discussions, updates on the Strategic Forum for Construction.
590 _aKA NTK
651 4 _aUnited Kingdom
_y
690 _aBUILT ENVIRONMENT-CONSTRUCTION MARKET
710 1 _aNational Federation of Builders
_94086
710 1 _aScottish Building Federation
_95621
710 1 _aCivil Engineering Contractors Association
_93765
856 4 8 _uhttps://www.theconstructionalliance.org/
_zView the website free of charge at www.theconstructionalliance.org
942 _n0
999 _c111174
_d111174